Detalles MARC
| 000 -LIDER |
| fixed length control field |
02344nam a22002897a 4500 |
| 003 - IDENTIFICACDOR DE NÚMERO DE CONTROL |
| control field |
DO-SdBNP |
| 005 - DATE AND TIME OF LATEST TRANSACTION |
| control field |
20210601095748.0 |
| 008 - ELEMENTOS DE LONGITUD FIJA |
| fixed length control field |
210517b 2019 dr 00| 0 spa d |
| 020 ## - ISBN |
| International Standard Book Number |
9789945804393 |
| 040 ## - FUENTE DE CATALOGACIÓN |
| Agencia que crea de manera original el registro |
BPMSU |
| Idioma de catalogación |
spa |
| Agencia que realiza la transcripción |
BPMSU |
| 082 ## - NÚMERO DE CLASIFICACIÓN DECIMAL DE DEWEY |
| Classification number |
782.6 |
| Item number |
D159c 2019 |
| Edition number |
22 |
| 100 1# - ASIENTO PRINCIPAL -- NOMBRE PERSONAL |
| Nombre personal |
López Reyes, Oscar , |
| 245 10 - MENCIÓN DE TITULO |
| Título |
Casandra Damirón : |
| Subtítulo |
vida y canto / |
| Mención de responsabilidad |
Oscar López Reyes ; prólogo Andrés José Moreta Damirón |
| 250 ## - MENCIÓN DE EDICION |
| Mención de edición |
3a. ed |
| 260 ## - PUBLICACIÓN, DISTRIBUCIÓN, ETC. (PIE DE IMPRENTA) |
| Lugar de publicación, distribución, etc |
Santo Domingo : |
| Nombre del editor, distribuidor, etc. |
Ministerio de Cultura, |
| Fecha de publicación, distribución, etc |
2019 |
| 300 ## - DESCRIPCIÓN FÍSICA |
| Extensión |
189 p.; |
| Dimensiones |
22 cm. |
| Otros detalles físicos |
|
| 500 ## - NOTA GENERAL |
| Nota general |
Incluyes datos Bibliográfico del autor en la solapa cubierta |
| 504 ## - NOTA DE BIBLIOGRAFÍA, ETC. |
| Bibliography, etc |
Bibliográfico p. 188 -189. |
| 505 0# - NOTA DE CONTENIDO |
| Texto normalizado de contenido |
Índice -- Prólogo -- A la última ediciones -- Prólogo -- A la primera edición -- Introducción -- capitulo I -- Advenimientos a la vida -- Bayonetas, riquezas y belleza -- Capítulo II -- Carrera Artística -- A los 6 canta en escuela e iglesia -- Un debut de proyecciones exitosas -- La voz de yuna , hacia el estrellato -- Primera temporada fuera de su suelo -- Alborozos y función en Barahona -- El arte plantea unión matrimonial -- Reviste el esplendor bailes típicos -- Albricias! aviva en CMQ, la Habana -- Huellas rutilantes en dos décadas -- Programa de TV, enseñanza y discos -- La chismosa y una orden de ultraje -- Amorosas, consejera y dominicanismo -- capítulo III -- En el ocaso de su vida -- Faenas entre el hogar y las danzas -- Madrugada con soledad paciente ... Final -- Testimonio de figuras en su despedida-- Voces de los diarios dominicanos -- Capítulos IV -- Placas , Copas y pergaminos --* Expresión de reconocimientos y y afectos -- Capítulo V -- Música e identidad nacional -- Estilización de la danza típica -- Capítulo VI -- Protagonista del Siglo XX y herencia -- Sobredimensionada tras su partida -- Herencia biológica satisfacción -- Fotografía-- Citas Bibliográficas --- Consulta a persona y medios . |
| 590 ## - NOTA LOCAL |
| Texto de la nota local |
Inventario, 2021/MC |
| 600 #4 - ENCABEZAMIENTO DE MATERIA--NOMBRE PERSONAL |
| Nombre personal |
Damirón, Casandra |
| Fechas asociadas con el nombre |
1919-1983 |
| 650 #4 - ENCABEZAMIENTO DE MATERIA--TEMÁTICO |
| Término temático o nombre geográfico como elemento de entrada |
Cantantes |
| Subdivisión geográfica |
República Dominicana |
| Subdivisión de forma |
Biografía |
| 700 1# - ASIENTO SECUNDARIO -- NOMBRE PERSONAL |
| Nombre personal |
Moreta Damirón, Andrés José |
| Mención de responsabilidad |
pról. |
| 710 2# - ASIENTO SECUNDARIO -- NOMBRE CORPORATIVO |
| Nombre corporativo o de jurisdicción |
Ministerio de Cultura (República Dominicana) |
| 910 ## - VALIDACIÓN |
| Validación |
Mcabrera /VMateo |
| 942 ## - ADDED ENTRY ELEMENTS (KOHA) |
| Source of classification or shelving scheme |
Dewey Decimal Classification |
| Koha item type |
Libros |